000 00540nam a2200193 a 4500
005 20140310183431.0
008 080109s19uu xx 00 eng d
020 _a8183760864
050 _aTX 911.3.M27
_b.Sh531 2006
100 _aSharma, Hemant
245 _aHRM in hospitality industry /
_cHemant Sharma.
260 _aIndia :
_bABD Publishers,
_c2006.
300 _a371 p. :
_c22 cm.
521 _aTOU
650 _aHospitality industry.
650 _aHospitality industry
_xManagement.
942 _cBK
_2lcc
_kFOR
999 _c22746
_d22746